000 00584nam a2200169Ia 4500
008 140527s9999 xx 000 0 und d
020 _a9789814392754
050 _aPE 1116 .T68
_b.H174 2012
100 _aHall, Stephen.
245 _aFirst class service 1 :
_bEnglish for the tourism and hospitality industry /
_cStephen Hall, Troy Blappert, Christopher J. O'Brien
260 _aSingapore :
_bCengage Learning Asia Pte Ltd,
_cc2012.
300 _a105 p. :
_bill. ;
_c23 cm.
521 _aTOU
650 _aHospitality industry
_xTerminology.
942 _kFOR
_cBK
999 _c117483
_d117483